| 000 | 00874nam a2200277 a 4500 | ||
|---|---|---|---|
| 005 | 20161123123226.0 | ||
| 008 | 140228b1999 ck ||||| |||| 00| 0 spa d | ||
| 020 | _a9589663915 | ||
| 040 |
_aCO-BoIAVH _cCO-BoIAVH |
||
| 041 | 0 | _aspa | |
| 044 | _ack | ||
| 082 | 0 | 4 |
_a588 _bP25g |
| 100 | _aParra Cuspoca, Juan David | ||
| 245 | 1 | _aGuía ilustrada de los Briófitos del parque Arví (Piedras Blancas) | |
| 260 |
_aMedellín _bCORANTIOQUIA _c1999 |
||
| 300 |
_a162 paginas _c19 x12 cm |
||
| 650 | 1 | 4 | _aBriófitos |
| 650 | 1 | 4 | _aGuía de campo |
| 650 | 1 | 4 | _aDescripciones taxonómicas |
| 650 | 1 | 4 | _aEcología |
| 650 | 1 | 4 | _aDistribución geográfica |
| 662 |
_aColombia _cParque Regional Arví _bAntioquia |
||
| 700 | _aCallejas Posada, Ricardo | ||
| 700 | _aPosada García, José Andrés | ||
| 942 |
_cLIBRO _2ddc |
||
| 999 |
_c1528 _d1528 |
||